Statistics for Every City On Earth Quiz

Click here to take the quiz!

General Stats

  • This quiz has been taken 21 times
  • The average score is 351 of 1924

Answer Stats

City% Correct
Athens
65%
Berlin
65%
Dublin
65%
London (Canada)
65%
London (UK)
65%
Los Angeles
65%
New York City
65%
Sydney
65%
Austin
60%
Boston
60%
Istanbul
60%
Moscow
60%
Oslo
60%
Stockholm
60%
Bar
55%
Beijing
55%
Copenhagen
55%
Dar es Salaam
55%
Detroit
55%
Frankfort
55%
Frankfurt am Main
55%
Helsinki
55%
Kyiv
55%
Madrid
55%
Manchester (UK)
55%
Manchester (U.S.)
55%
Paris
55%
Sacramento
55%
Saint Petersburg
55%
Sarajevo
55%
Seattle
55%
St. Petersburg (U.S.)
55%
Taranto
55%
Toronto
55%
Wellington (New Zealand)
55%
Wellington (U.S.)
55%
Amsterdam
50%
Baghdad
50%
Bangkok
50%
Barcelona
50%
Belfast
50%
Brussels
50%
Bucharest
50%
Budapest
50%
Buffalo
50%
Calgary
50%
Chicago
50%
Dallas
50%
Delhi
50%
Dubai
50%
Florence
50%
Hong Kong
50%
Indianapolis
50%
Jackson
50%
Jackson (Tennessee)
50%
Johannesburg
50%
Kingstown
50%
Kolkata
50%
Las Vegas
50%
Ljubljana
50%
Lyon
50%
Managua
50%
Marseille
50%
Melbourne (Australia)
50%
Melbourne (U.S.)
50%
Miami
50%
Milan
50%
Minsk
50%
Montreal
50%
Mumbai
50%
Munich
50%
New Orleans
50%
Nice
50%
Orlando
50%
Perth (Australia)
50%
Perth (UK)
50%
Portland (Maine)
50%
Portland (Oregon)
50%
Porto
50%
Prague
50%
Pyongyang
50%
Riga
50%
Rome
50%
Sanaa
50%
San Antonio
50%
San Francisco
50%
Santiago (Chile)
50%
Santiago de Compostela
50%
Santiago (Dominican Rep.)
50%
Sao Paulo
50%
Seoul
50%
Shanghai
50%
Sofia
50%
Tampa
50%
Tokyo
50%
Tripoli
50%
Tucson
50%
Venice (Italy)
50%
Venice (U.S.)
50%
Victoria (Canada)
50%
Victoria (Seychelles)
50%
Vienna
50%
Warsaw
50%
Washington D.C.
50%
Zurich
50%
Aberdeen (South Dakota)
45%
Aberdeen (UK)
45%
Aberdeen (Washington)
45%
Abu Dhabi
45%
Albany
45%
Albuquerque
45%
Alexandria (Egypt)
45%
Alexandria (U.S.)
45%
Anchorage
45%
Ankara
45%
Atlanta
45%
Auckland
45%
Bamako
45%
Beirut
45%
Belgrade
45%
Bergen
45%
Bern
45%
Bogotá
45%
Brisbane
45%
Buenos Aires
45%
Cairo
45%
Cape Town
45%
Cardiff
45%
Charlotte
45%
Christchurch
45%
Cincinnati
45%
Cologne
45%
Columbus
45%
Cork
45%
Damascus
45%
Denver
45%
Des Moines
45%
Djibouti
45%
Edinburgh
45%
Freetown
45%
Geneva
45%
Georgetown
45%
George Town (Cayman Islands)
45%
George Town (Malaysia)
45%
Glasgow
45%
Guatemala City
45%
Hamburg
45%
Havana
45%
Ho Chi Minh City
45%
Houston
45%
Kansas City
45%
Kansas City (Kansas)
45%
Kinshasa
45%
Kuala Lumpur
45%
Lille
45%
Lima
45%
Lincoln
45%
Lisbon
45%
Liverpool
45%
Luxembourg
45%
Medellín
45%
Mexico City
45%
Minneapolis
45%
Montevideo
45%
Montpelier
45%
Montpellier
45%
Naples (Italy)
45%
Naples (U.S.)
45%
Nashville
45%
Paramaribo
45%
Philadelphia
45%
Phoenix
45%
Port-au-Prince
45%
Reno
45%
Reykjavik
45%
San José (Costa Rica)
45%
San Jose (U.S.)
45%
San Salvador
45%
Santo Domingo
45%
Seville
45%
St. George
45%
St. John's (Antigua and Barbuda)
45%
St. John's (Canada)
45%
Stuttgart
45%
Tallinn
45%
Tel Aviv
45%
Thessaloniki
45%
Tirana
45%
Toledo (Spain)
45%
Toledo (U.S.)
45%
Vancouver (Canada)
45%
Vancouver (U.S.)
45%
Vilnius
45%
Yaoundé
45%
Adelaide
40%
Algiers
40%
Amman
40%
Antwerp
40%
Asunción
40%
Baltimore
40%
Bangalore
40%
Basel
40%
Baton Rouge
40%
Belo Horizonte
40%
Birmingham (UK)
40%
Birmingham (U.S.)
40%
Bonn
40%
Bordeaux
40%
Bratislava
40%
Caracas
40%
Chișinău
40%
Dakar
40%
Darwin
40%
Düsseldorf
40%
Edmonton
40%
Florence (Alabama)
40%
Gothenburg
40%
Graz
40%
Halifax
40%
Hamilton (Bermuda)
40%
Hamilton (Canada)
40%
Hamilton (New Zealand)
40%
Hanoi
40%
Honolulu
40%
Jacksonville
40%
Jerusalem
40%
Kabul
40%
Karachi
40%
Kigali
40%
Kingston (Jamaica)
40%
Kingston (Norfolk Island)
40%
Kingston upon Hull
40%
Kyoto
40%
Lagos (Nigeria)
40%
Lagos (Portugal)
40%
Lansing
40%
La Paz
40%
Leicester
40%
Lexington
40%
Little Rock
40%
Luanda
40%
Malmö
40%
Memphis
40%
Milwaukee
40%
Monrovia (Liberia)
40%
Monrovia (U.S.)
40%
Monterey
40%
Nantes
40%
Nassau
40%
Nur-Sultan
40%
Odessa
40%
Oklahoma City
40%
Omaha
40%
Osaka
40%
Providence
40%
Quito
40%
Rio de Janeiro
40%
Rotterdam
40%
Saint Paul
40%
Salem (Massachusetts)
40%
Salem (Oregon)
40%
Salt Lake City
40%
Salzburg
40%
San Diego
40%
San Marino
40%
Singapore
40%
Springfield (Illinois)
40%
Springfield (Massachusetts)
40%
Springfield (Missouri)
40%
Springfield (Oregon)
40%
Syracuse (Italy)
40%
Syracuse (U.S.)
40%
Taipei
40%
Tampere
40%
Tashkent
40%
The Hague
40%
Toulouse
40%
Trento
40%
Turin
40%
Ulaanbaatar
40%
Wichita
40%
Wichita Falls
40%
Winston–Salem
40%
Zagreb
40%
Aarhus
35%
Abidjan
35%
Accra
35%
Ahmedabad
35%
Akron
35%
Amarillo
35%
Anaheim
35%
Annapolis
35%
Arlington (Texas)
35%
Arlington (Virginia)
35%
Asmara
35%
Augusta (Georgia)
35%
Augusta (Maine)
35%
Aurora (Colorado)
35%
Aurora (Illinois)
35%
Baku
35%
Bari
35%
Boise
35%
Bologna
35%
Brasilia
35%
Brazzaville
35%
Brownsville
35%
Bruges
35%
Cali
35%
Cartagena (Colombia)
35%
Cartagena (Spain)
35%
Casablanca
35%
Catania
35%
Charleston (South Carolina)
35%
Charleston (West Virginia)
35%
Cheyenne
35%
Cleveland
35%
Colorado Springs
35%
Corpus Christi
35%
Dhaka
35%
Dijon
35%
Doha
35%
Dover (Delaware)
35%
Dover (New Hampshire)
35%
Dubrovnik
35%
El Paso
35%
Fargo
35%
Fort Wayne
35%
Fort Worth
35%
Guadalajara
35%
Guayaquil
35%
Hannover
35%
Harare
35%
Hartford
35%
Honiara
35%
Islamabad
35%
İzmir
35%
Juneau
35%
Kampala
35%
Kathmandu
35%
Khartoum
35%
Krakow
35%
Kuwait City
35%
Lahore
35%
Laredo
35%
Leeds
35%
Limerick
35%
Linz
35%
Louisville
35%
Malaga
35%
Manama
35%
Maputo
35%
Mogadishu
35%
Nagoya
35%
Nairobi
35%
Newark
35%
Newcastle (Australia)
35%
Newcastle (UK)
35%
Ottawa
35%
Ouagadougou
35%
Palermo
35%
Panama City (Panama)
35%
Panama City (U.S.)
35%
Pisa
35%
Pittsburgh
35%
Podgorica
35%
Port Moresby
35%
Quebec
35%
Rennes
35%
Santa Ana (El Salvador)
35%
Santa Ana (U.S.)
35%
Santa Fe
35%
Skopje
35%
Southampton
35%
Spokane
35%
St. Louis
35%
Strasbourg
35%
Tbilisi
35%
Tijuana
35%
Topeka
35%
Tulsa
35%
Turku
35%
Vaduz
35%
Valencia (Spain)
35%
Valencia (Venezuela)
35%
Verona
35%
Yerevan
35%
Aachen
30%
Abuja
30%
A Coruña
30%
Ajaccio
30%
Aleppo
30%
Alicante
30%
Allentown
30%
Almaty
30%
Andorra la Vella
30%
Antananarivo
30%
Apia
30%
Ashgabat
30%
Banjul
30%
Basse-Terre
30%
Basseterre
30%
Bilbao
30%
Bismarck
30%
Bremen
30%
Brest
30%
Bridgetown
30%
Brighton
30%
Bristol
30%
Brno
30%
Burlington
30%
Cairns
30%
Canberra
30%
Cancun
30%
Carson City
30%
Castries
30%
Colombo
30%
Columbia (Missouri)
30%
Columbia (South Carolina)
30%
Conakry
30%
Concord
30%
Córdoba (Argentina)
30%
Córdoba (Spain)
30%
Dayton
30%
Dresden
30%
Duluth
30%
Durham (UK)
30%
Durham (U.S.)
30%
Dushanbe
30%
Eugene
30%
Flint
30%
Fort Collins
30%
Funafuti
30%
Gaborone
30%
Galway
30%
Genoa
30%
Gitega
30%
Glendale (Arizona)
30%
Glendale (California)
30%
Grand Rapids
30%
Guangzhou
30%
Helena
30%
Henderson
30%
Hiroshima
30%
Huntsville
30%
Juba
30%
Kaunas
30%
Key West
30%
Kiel
30%
Kobe
30%
Lausanne
30%
Leipzig
30%
Libreville
30%
Long Beach
30%
Long Beach (New York)
30%
Lubbock
30%
Lusaka
30%
Macon
30%
Madison
30%
Malé
30%
Maracaibo
30%
Mobile
30%
Montgomery
30%
Münster
30%
Murcia
30%
N'Djamena
30%
Niamey
30%
Norfolk
30%
Odense
30%
Oxford
30%
Peoria
30%
Pierre
30%
Porto-Novo
30%
Portsmouth (UK)
30%
Portsmouth (U.S.)
30%
Pretoria
30%
Pristina
30%
Pueblo
30%
Rabat
30%
Raleigh
30%
Regina
30%
Richmond
30%
Rochester (Minnesota)
30%
Rochester (New York)
30%
Roseau
30%
Salvador
30%
San Juan
30%
San Pedro
30%
Santa Cruz
30%
Sapporo
30%
Sioux Falls
30%
Split
30%
Sucre
30%
Suva
30%
Tacoma
30%
Tallahassee
30%
Tegucigalpa
30%
Toulon
30%
Waco
30%
Winnipeg
30%
Xiamen
30%
Xi'an
30%
Yaren
30%
Yellowknife
30%
Yonkers
30%
York (UK)
30%
York (U.S.)
30%
Acapulco
25%
Ann Arbor
25%
Arequipa
25%
Aspen
25%
Atlantic City
25%
Bangui
25%
Batumi
25%
Belmopan
25%
Billings
25%
Biloxi
25%
Bishkek
25%
Bissau
25%
Boulder
25%
Bujumbura
25%
Cagliari
25%
Cambridge (UK)
25%
Cambridge (U.S.)
25%
Chattanooga
25%
Chennai
25%
Cherbourg
25%
Chesapeake
25%
Chula Vista
25%
Coventry
25%
Cusco
25%
Da Nang
25%
Dodoma
25%
Douala
25%
Erie
25%
Essen
25%
Fairbanks
25%
Faro
25%
Fayetteville (Arkansas)
25%
Fayetteville (North Carolina)
25%
Fez
25%
Fort Lauderdale
25%
Fresno
25%
Gdansk
25%
Ghent
25%
Giza
25%
Groningen
25%
Haifa
25%
Harrisburg
25%
Heraklion
25%
Hialeah
25%
Innsbruck
25%
Inverness
25%
Jefferson City
25%
Jersey City
25%
Knoxville
25%
Kos
25%
Košice
25%
Lafayette (Indiana)
25%
Lafayette (Louisiana)
25%
Lancaster
25%
Lancaster (U.S.)
25%
Larnaca
25%
Le Havre
25%
León
25%
Lilongwe
25%
Maastricht
25%
Majuro
25%
Marrakesh
25%
Mesa
25%
Missoula
25%
Mombasa
25%
Montego Bay
25%
Moroni
25%
Nancy
25%
New Haven
25%
Nicosia
25%
Norman
25%
Nottingham
25%
Nouakchott
25%
Nukuʻalofa
25%
Nuuk
25%
Oakland
25%
Olympia
25%
Orléans
25%
Palma de Mallorca
25%
Palm Springs
25%
Pensacola
25%
Perpignan
25%
Plano
25%
Plovdiv
25%
Plymouth
25%
Port Louis
25%
Port of Spain
25%
Port Vila
25%
Potsdam
25%
Poznan
25%
Praia
25%
Provo
25%
Rimini
25%
Saarbrücken
25%
Salisbury
25%
San Bernardino
25%
Santa Maria (Cape Verde)
25%
Santa Maria (U.S.)
25%
Santander
25%
Santa Rosa
25%
Savannah
25%
Sheffield
25%
Shenzhen
25%
Shreveport
25%
Sioux City
25%
Stavanger
25%
Swansea
25%
Tangier
25%
Thimphu
25%
Toruń
25%
Trenton
25%
Trieste
25%
Tuscaloosa
25%
Uppsala
25%
Utrecht
25%
Valladolid
25%
Valletta
25%
Valparaíso
25%
Varna
25%
Vigo
25%
Virginia Beach
25%
Waterford
25%
White Plains
25%
Wilmington (Delaware)
25%
Wilmington (North Carolina)
25%
Windhoek
25%
Worcester (UK)
25%
Worcester (U.S.)
25%
Wroclaw
25%
Youngstown
25%
Zaragoza
25%
Antalya
20%
Arles
20%
Augsburg
20%
Avignon
20%
Bakersfield
20%
Bandar Seri Begawan
20%
Bangor
20%
Bath
20%
Belize City
20%
Bergamo
20%
Berkeley
20%
Biel/Bienne
20%
Bielefeld
20%
Bradford
20%
Breda
20%
Brescia
20%
Bridgeport
20%
Burgas
20%
Butte
20%
Cannes
20%
Charleroi
20%
Charlottetown
20%
Coimbra
20%
Coro
20%
Daytona Beach
20%
Dortmund
20%
Duisburg
20%
Dunedin
20%
Eindhoven
20%
Elizabeth
20%
Erfurt
20%
Eureka
20%
Evansville
20%
Fort Myers
20%
Fort Smith
20%
Fredericton
20%
Freiburg
20%
Fukuoka
20%
Gijón
20%
Green Bay
20%
Greensboro
20%
Greenville NC
20%
Greenville SC
20%
Gulfport
20%
Haarlem
20%
Hobart
20%
Hollywood (Florida)
20%
Iqaluit
20%
Irvine
20%
Irving
20%
Karlsruhe
20%
Kenosha
20%
Las Palmas
20%
Lecce
20%
Liège
20%
Lodz
20%
Lomé
20%
Lucerne
20%
Luxor
20%
Malabo
20%
Manhattan, KS
20%
Mannheim
20%
Maribor
20%
Maseru
20%
Metz
20%
Minot
20%
Modesto
20%
Monte Carlo
20%
Morgantown
20%
Mulhouse
20%
Murfreesboro
20%
Nelson
20%
Ngerulmud
20%
North Las Vegas
20%
Oaxaca
20%
Ostrava
20%
Oulu
20%
Overland Park
20%
Oviedo
20%
Palikir
20%
Pamplona
20%
Paphos
20%
Parma
20%
Patras
20%
Petra
20%
Poitiers
20%
Punta Cana
20%
Rapid City
20%
Rhodes
20%
Rijeka
20%
Rostock
20%
Rouen
20%
Salamanca
20%
San Luis Obispo
20%
San Pedro Sula
20%
Santa Clara
20%
Santa Clarita
20%
São Tomé
20%
Sarasota
20%
Saskatoon
20%
Scranton
20%
South Bend
20%
St George's (Bermuda)
20%
St. George's (Grenada)
20%
Stockton
20%
Tarragona
20%
Tempe
20%
Tours
20%
Tromsø
20%
Troy
20%
Ushuaia
20%
Victorville
20%
West Palm Beach
20%
Whitehorse
20%
Wolverhampton
20%
Wuppertal
20%
Yuma
20%
Abilene
15%
Agadir
15%
Agen
15%
Aix-en-Provence
15%
Albacete
15%
Algeciras
15%
Alkmaar
15%
Annecy
15%
Appleton
15%
Arras
15%
Bayonne
15%
Beaumont
15%
Beaune
15%
Bellingham
15%
Bend
15%
Béziers
15%
Bled
15%
Bloomington
15%
Boca Raton
15%
Bochum
15%
Bozeman
15%
Bradenton
15%
Braga
15%
Brampton
15%
Braunschweig
15%
Caen
15%
Camden
15%
Canton
15%
Carcassonne
15%
Carrara
15%
Castellón de la Plana
15%
Cayenne
15%
Cedar Rapids
15%
Chandler
15%
Chania
15%
Charlotte Amalie
15%
Chartres
15%
Chiang Mai
15%
Civitavecchia
15%
Clarksville
15%
Coral Springs
15%
Corfu
15%
Covington
15%
Cozumel
15%
Cremona
15%
Cuenca (Ecuador)
15%
Cuenca (Spain)
15%
Darmstadt
15%
Daugavpils
15%
Denton
15%
Derby
15%
Dothan
15%
Douglas
15%
Dundee
15%
Eau Claire
15%
Elche
15%
Elko
15%
Elm
15%
Enschede
15%
Exeter
15%
Ferrara
15%
Flagstaff
15%
Forlì
15%
Franklin
15%
Fremont
15%
Funchal
15%
Gainesville
15%
Garland
15%
Girona
15%
Gloucester
15%
Gold Coast
15%
Granada (Nicaragua)
15%
Granada (Spain)
15%
Grand Forks
15%
Grand Prairie
15%
Great Falls
15%
Grenoble
15%
Hampton
15%
Hangzhou
15%
Hargeisa
15%
Hereford
15%
Hue
15%
Huntington
15%
Huntington Beach
15%
Jaipur
15%
Jerez de la Frontera
15%
Jonesboro
15%
Kalamata
15%
Kalamazoo
15%
Kilkenny
15%
Klagenfurt
15%
Koblenz
15%
Lakeland
15%
Las Cruces
15%
La Spezia
15%
Le Mans
15%
Leuven
15%
Liberec
15%
Liepāja
15%
Limassol
15%
Limoges
15%
Logan
15%
Logroño
15%
Lublin
15%
Lucca
15%
Lugano
15%
Magdeburg
15%
Malibu
15%
Marbella
15%
Marquette
15%
Matera
15%
Mbabane
15%
McKinney
15%
Mérida (Spain)
15%
Mérida (Venezuela)
15%
Meridian
15%
Midland
15%
Modena
15%
Mons
15%
Moreno Valley
15%
Mykonos
15%
Narbonne
15%
New London
15%
Newport News
15%
Newport (Rhode Island)
15%
Newport (UK)
15%
Newport (Vermont)
15%
Oceanside
15%
Ogden
15%
Olomouc
15%
Orem
15%
Osnabrück
15%
Oxnard
15%
Paderborn
15%
Padova
15%
Palm Beach
15%
Pasadena
15%
Pescara
15%
Plzeň
15%
Pompano Beach
15%
Pontevedra
15%
Pula
15%
Punta Arenas
15%
Rancho Cucamonga
15%
Reading
15%
Redding
15%
Reims
15%
Riverside
15%
Rockford
15%
Rosario
15%
Saint-Étienne
15%
Salerno
15%
Salta
15%
San Mateo
15%
San Sebastián
15%
Santa Barbara
15%
Scottsdale
15%
Segovia
15%
Sharjah
15%
Siena
15%
Stamford
15%
Stirling
15%
Szczecin
15%
Tartu
15%
Temecula
15%
Texarkana AR
15%
Texarkana TX
15%
The Valley
15%
Trier
15%
Trondheim
15%
Trujillo
15%
Twin Falls
15%
Tyler
15%
Udine
15%
Ulm
15%
Utica
15%
Ventura
15%
Viña del Mar
15%
Visalia
15%
Vitoria-Gasteiz
15%
Volos
15%
Wilkes-Barre
15%
Yakima
15%
Yamoussoukro
15%
Yokohama
15%
Zadar
15%
Adamstown
10%
Agra
10%
Ajman
10%
Albi
10%
Alcudia
10%
Alessandria
10%
Amalfi
10%
Amiens
10%
Ancona
10%
Andratx
10%
Andria
10%
Angers
10%
Angoulême
10%
Aosta
10%
Apeldoorn
10%
Aqaba
10%
Arezzo
10%
Arnhem
10%
Arrecife
10%
Ashdod
10%
Ashkelon
10%
Asti
10%
Avalon (California)
10%
Avalon (New Jersey)
10%
Avarua
10%
Aveiro
10%
Avellino
10%
Baden
10%
Barletta
10%
Bastia
10%
Bata
10%
Beersheba
10%
Belfort
10%
Bendigo
10%
Besançon
10%
Bethlehem
10%
Biarritz
10%
Blois
10%
Bolzano
10%
Bowling Green
10%
Boynton Beach
10%
Bremerhaven
10%
Brindisi
10%
Cadaqués
10%
Cádiz
10%
Calais
10%
Caltanissetta
10%
Calvi
10%
Campobasso
10%
Canterbury
10%
Cape Coral
10%
Carlsbad
10%
Caserta
10%
Casper
10%
Catanzaro
10%
Cesena
10%
Český Krumlov
10%
Çeşme
10%
Chamonix
10%
Chemnitz
10%
Chester
10%
Chiang Rai
10%
Chur
10%
Clearwater
10%
Clermont-Ferrand
10%
Cockburn Town
10%
Colmar
10%
Colón
10%
Como
10%
Conway
10%
Cosenza
10%
Cottbus
10%
Crotone
10%
Cuneo
10%
Davenport
10%
Decatur
10%
Deerfield Beach
10%
Derry
10%
Dili
10%
Dordrecht
10%
Dundalk
10%
Eilat
10%
Enna
10%
Erlangen
10%
Essaouira
10%
Everett
10%
Falmouth
10%
Famagusta
10%
Fermo
10%
Foggia
10%
Fontana
10%
Fort-de-France
10%
Frederick
10%
Freeport
10%
Fribourg
10%
Frosinone
10%
Gandia
10%
Garden Grove
10%
Gastonia
10%
Gdynia
10%
Gilbert
10%
Gouda
10%
Grand Junction
10%
Greeley
10%
Guimarães
10%
Halle
10%
Hasselt
10%
Hattiesburg
10%
Heilbronn
10%
Hot Springs
10%
Hvar
10%
Imola
10%
Imperia
10%
Inca
10%
Ingolstadt
10%
Ioannina
10%
Iquitos
10%
Johnson City
10%
Jupiter
10%
Karlovy Vary
10%
Kassel
10%
Kastoria
10%
Kavala
10%
Kingman
10%
Kissimmee
10%
Klaipėda
10%
Koror
10%
Kotor
10%
Krabi
10%
Krefeld
10%
Kutná Hora
10%
La Plata
10%
La Rochelle
10%
La Romana
10%
Latina
10%
Lawton
10%
Lecco
10%
Leiden
10%
Leverkusen
10%
Livorno
10%
Llucmajor
10%
Locarno
10%
Lodi
10%
Los Alamos
10%
Lowell
10%
Lübeck
10%
Lund
10%
Mahón
10%
Mainz
10%
Manacor
10%
Mantua
10%
Mar del Plata
10%
Marsala
10%
Massa
10%
Mechelen
10%
Messina
10%
Middelburg
10%
Millau
10%
Miramar
10%
Mississauga
10%
Moab
10%
Mönchengladbach
10%
Monza
10%
Namur
10%
Napa
10%
Narva
10%
Nashua
10%
Netanya
10%
Nijmegen
10%
Nimes
10%
Niort
10%
Normal
10%
Norwich
10%
Novara
10%
Nuoro
10%
Nürnberg
10%
Oberhausen
10%
Ocala
10%
Ocho Rios
10%
Oia
10%
Olbia
10%
Oldenburg
10%
Oranjestad (Aruba)
10%
Oranjestad (Sint Eustatius)
10%
Oshkosh
10%
Ourense
10%
Owensboro
10%
Pago Pago
10%
Palm Bay
10%
Palmetto
10%
Parkersburg
10%
Pärnu
10%
Paterson
10%
Pattaya
10%
Pau
10%
Perast
10%
Perugia
10%
Piacenza
10%
Pine Bluff
10%
Piraeus
10%
Piran
10%
Pistoia
10%
Pollença
10%
Pordenone
10%
Portimão
10%
Port St. Lucie
10%
Potenza
10%
Pozzuoli
10%
Prato
10%
Puerto Plata
10%
Puerto Vallarta
10%
Quimper
10%
Ragusa
10%
Ramallah
10%
Ravello
10%
Ravenna
10%
Regensburg
10%
Reggio Calabria
10%
Reggio Emilia
10%
Reus
10%
Rishon LeZion
10%
Road Town
10%
Rock Hill
10%
Rockville
10%
Roskilde
10%
Roubaix
10%
Rovigo
10%
Rovinj
10%
Rutland
10%
Saint-Tropez
10%
Salinas
10%
Samaná
10%
San Angelo
10%
Sanford
10%
San Miguel
10%
Santa Monica
10%
Sassari
10%
Savona
10%
Schenectady
10%
Sedona
10%
Šiauliai
10%
Sion
10%
Söll
10%
Soller
10%
Sorrento
10%
Stanley
10%
St. Cloud
10%
St. Moritz
10%
Suez
10%
Sunderland
10%
Sunnyvale
10%
Surrey
10%
Tarifa
10%
Teramo
10%
Terni
10%
The Bottom
10%
Tilburg
10%
Toowoomba
10%
Trapani
10%
Treviso
10%
Troyes
10%
Tui
10%
Urbino
10%
Valence
10%
Vercelli
10%
Vero Beach
10%
Versailles
10%
Vibo Valentia
10%
Vicenza
10%
Waukesha
10%
Weno
10%
Wheeling
10%
Wiesbaden
10%
Willemstad
10%
Williams
10%
Winchester
10%
Winterthur
10%
Wollongong
10%
Würzburg
10%
Zermatt
10%
Zwolle
10%
Abbeville
5%
Adelboden
5%
Agde
5%
Agios Nikolaos
5%
Agrigento
5%
Agropoli
5%
Aigues-Mortes
5%
Aix-les-Bains
5%
Al Ain
5%
Alanya
5%
Alaró
5%
Albenga
5%
Albufeira
5%
Ålesund
5%
Alghero
5%
Alofi
5%
Alpe d'Huez
5%
Alta Badia
5%
Altea
5%
Altoona
5%
Amapala
5%
Amersfoort
5%
Andalo
5%
Andermatt
5%
Antibes
5%
Antigua Guatemala
5%
Anzio
5%
Ao Nang
5%
Aracaju
5%
Arcachon
5%
Arenzano
5%
Argostoli
5%
Arica
5%
Armagh
5%
Arosa
5%
Artà
5%
Asbury Park
5%
Ascoli Piceno
5%
Ascona
5%
Astoria
5%
Atafu
5%
Athlone
5%
Auxerre
5%
Avila Beach
5%
Avoriaz
5%
Axamer Lizum
5%
Ayia Napa
5%
Azusa
5%
Bad Hofgastein
5%
Baiona
5%
Bandol
5%
Bar Harbor
5%
Barstow
5%
Beaulieu-sur-Mer
5%
Belek
5%
Bellinzona
5%
Belluno
5%
Bemidji
5%
Benalmadena
5%
Benevento
5%
Benicàssim
5%
Benidorm
5%
Bergerac
5%
Beverly Hills
5%
Biella
5%
Blanes
5%
Blumenau
5%
Boca Chica
5%
Bodrum
5%
Bonifacio
5%
Bordighera
5%
Bormio
5%
Boulogne-sur-Mer
5%
Bourges
5%
Bregenz
5%
Brela
5%
Briançon
5%
Brixen
5%
Brixental
5%
Brookings
5%
Budva
5%
Burnt Pine
5%
Cagnes-sur-Mer
5%
Cala Bona
5%
Cala d'Or
5%
Cala Millor
5%
Cala Ratjada
5%
Calella
5%
Caloundra
5%
Calp
5%
Cambrils
5%
Campinas
5%
Canazei
5%
Cannon Beach
5%
Can Pastilla
5%
Can Picafort
5%
Canyamel
5%
Capdepera
5%
Cape Canaveral
5%
Cape May
5%
Capitola
5%
Carbonia
5%
Carlisle
5%
Carmel-by-the-Sea
5%
Carpi
5%
Carpinteria
5%
Cassis
5%
Castelrotto
5%
Castletown
5%
Caxias do Sul
5%
Celle
5%
Cervinia
5%
Charlestown
5%
Chelmsford
5%
Chiavari
5%
Chichester
5%
Chiclayo
5%
Chieti
5%
Chincoteague
5%
Chioggia
5%
Chios
5%
Chonburi
5%
Christiansted
5%
Ciutadella de Menorca
5%
Cocoa Beach
5%
Coconut Creek
5%
Collioure
5%
Colonia del Sacramento
5%
Concepción
5%
Conil de la Frontera
5%
Corinth
5%
Corralejo
5%
Cortina d'Ampezzo
5%
Costa Adeje
5%
Courchevel
5%
Courmayeur
5%
Coxen Hole
5%
Coyhaique
5%
Crans-Montana
5%
Cruz Bay
5%
Cumaná
5%
Dachau
5%
Dachstein-West
5%
Dahab
5%
Dana Point
5%
Dauphin Island
5%
Davos
5%
Deauville
5%
Delft
5%
Del Mar
5%
Delray Beach
5%
Den Bosch
5%
Denia
5%
Didim
5%
Dieppe
5%
Dolomiti Superski
5%
Dorfgastein
5%
Dunkirk
5%
Eastbourne
5%
Edgartown
5%
Ellmau
5%
Empuriabrava
5%
Encinitas
5%
Engelberg
5%
Épinal
5%
Esbjerg
5%
Espace Killy
5%
Estepona
5%
Èze
5%
Faenza
5%
Fakaofo
5%
Fano
5%
Fernandina Beach
5%
Fethiye
5%
Fieberbrunn
5%
Filzmoos
5%
Finale Ligure
5%
Fiumicino
5%
Flaine
5%
Flores
5%
Folgarida
5%
Forte dei Marmi
5%
Foz do Iguaçu
5%
Frederiksted
5%
Fuengirola
5%
Fujairah
5%
Galtür
5%
Gatineau
5%
Gaza City
5%
Geelong
5%
Gelsenkirchen
5%
Gorizia
5%
Göttingen
5%
Grand Island
5%
Granville
5%
Grasse
5%
Grindelwald
5%
Grossarl
5%
Grosseto
5%
Grover Beach
5%
Gstaad
5%
Guadalupe
5%
Gulf Shores
5%
Gustavia
5%
Half Moon Bay
5%
Hanford
5%
Hastings
5%
Hat Yai
5%
Heidelberg
5%
Heiligenblut
5%
Herceg Novi
5%
Hermosa Beach
5%
Hervey Bay
5%
Hillsboro
5%
Hinterglemm
5%
Hinterstoder
5%
Hoi An
5%
Holbrook
5%
Honfleur
5%
Horsens
5%
Hua Hin
5%
Hurghada
5%
Hyères
5%
Ibiza Town
5%
Interlaken
5%
Ischgl
5%
Isernia
5%
Islamorada
5%
Izola
5%
Jena
5%
Joinville
5%
Juan Griego
5%
Juan-les-Pins
5%
Juiz de Fora
5%
Jungfrau
5%
Jūrmala
5%
Kaiserslautern
5%
Kanchanaburi
5%
Kappl
5%
Kaprun
5%
Kearney
5%
Keene
5%
Kemer
5%
Key Largo
5%
Khao Lak
5%
Kitzbühel
5%
Kolding
5%
Komotini
5%
Koper
5%
Kralendijk
5%
Kuah
5%
Kuşadası
5%
Kyrenia
5%
Laax
5%
Labasa
5%
La Ceiba
5%
La Ciotat
5%
La Clusaz
5%
Laguna Beach
5%
La Laguna
5%
Lalitpur
5%
La Maddalena
5%
La Manga
5%
Lamezia Terme
5%
Landshut
5%
La Plagne
5%
L'Aquila
5%
Largo
5%
La Serena
5%
La Seyne-sur-Mer
5%
La Thuile
5%
Lautoka
5%
Laval
5%
Layton
5%
Lech
5%
Legnano
5%
Le Lavandou
5%
Lemgo
5%
Leogang
5%
Le Puy-en-Velay
5%
Les Arcs
5%
Les Deux Alpes
5%
Les Gets
5%
Les Houches
5%
Les Menuires
5%
Lichfield
5%
Lienz
5%
Lindos
5%
Lisburn
5%
Livigno
5%
Lloret de Mar
5%
Loano
5%
Londrina
5%
Long Branch
5%
Longview (Texas)
5%
Longview (Washington)
5%
Lorain
5%
Los Cabos
5%
Los Cristianos
5%
Lourdes
5%
Loutraki
5%
Louvain-la-Neuve
5%
Luganville
5%
Macerata
5%
Machu Picchu
5%
Madera
5%
Madonna di Campiglio
5%
Magaluf
5%
Makarska
5%
Maldonado
5%
Malia
5%
Máncora
5%
Manhattan Beach
5%
Manosque
5%
Marathon
5%
Maria Alm
5%
Marigot
5%
Markham
5%
Marmaris
5%
Maroochydore
5%
Marsa Alam
5%
Martigues
5%
Masaya
5%
Maspalomas
5%
Mayrhofen
5%
Mazara del Vallo
5%
Medford
5%
Megève
5%
Menton
5%
Merano
5%
Merced
5%
Meribel
5%
Mestre
5%
Mijas
5%
Milford
5%
Mindelo
5%
Mishawaka
5%
Modica
5%
Moena
5%
Mogi das Cruzes
5%
Monaco City
5%
Monschau
5%
Montepulciano
5%
Monte Rosa
5%
Montluçon
5%
Montreux
5%
Moraira
5%
Morro Bay
5%
Morzine
5%
Mountain View
5%
Mount Vernon
5%
Moutier
5%
Murter
5%
Mytilene
5%
Nadi
5%
Nafplio
5%
Nags Head
5%
Naxos
5%
Nazareth
5%
Negril
5%
Neiafu
5%
Nerja
5%
Nevers
5%
Newport Beach
5%
Newry
5%
New Smyrna Beach
5%
Nha Trang
5%
Niagara Falls
5%
Noosa Heads
5%
North Port
5%
Norwalk
5%
Novigrad
5%
Nukunonu
5%
Nyon
5%
Obergurgl
5%
Ocean City
5%
Ocean Grove
5%
Omoa
5%
Opatija
5%
Orange Beach
5%
Oristano
5%
Ortisei
5%
Pacific Grove
5%
Palanga
5%
Palavas-les-Flots
5%
Palma Nova
5%
Palo Alto
5%
Paradiski
5%
Paralia
5%
Parikia
5%
Passo del Tonale
5%
Passo Rolle
5%
Pavia
5%
Peel
5%
Peguera
5%
Pembroke Pines
5%
Peniscola
5%
Périgueux
5%
Perros-Guirec
5%
Pesaro
5%
Pescasseroli
5%
Petah Tikva
5%
Peterborough
5%
Petrovac
5%
Pforzheim
5%
Phang Nga
5%
Phetchabun
5%
Philipsburg
5%
Phuket City
5%
Placencia
5%
Playa Blanca
5%
Playa de las Américas
5%
Playa del Carmen
5%
Pleasure Point
5%
Pointe-à-Pitre
5%
Poreč
5%
Porlamar
5%
Port Angeles
5%
Port Charlotte
5%
Port d'Andratx
5%
Porto Cervo
5%
Portocolom
5%
Porto Cristo
5%
Portoferraio
5%
Portofino
5%
Portorož
5%
Porto Torres
5%
Porto-Vecchio
5%
Port Townsend
5%
Positano
5%
Praia da Rocha
5%
Prescott
5%
Preston
5%
Propriano
5%
Protaras
5%
Puerto Baquerizo Moreno
5%
Puerto Cortés
5%
Puerto de la Cruz
5%
Puerto la Cruz
5%
Puerto Rico de Gran Canaria
5%
Punta del Este
5%
Punta Gorda
5%
Pyeongchang
5%
Quarteira
5%
Quetzaltenango
5%
Racine
5%
Railay Beach
5%
Ramsey
5%
Randers
5%
Rapallo
5%
Ras al-Khaimah
5%
Ras Sedr
5%
Ratingen
5%
Rayong
5%
Redondo Beach
5%
Rehovot
5%
Rethymno
5%
Reutlingen
5%
Rieti
5%
Riomaggiore
5%
Rivas
5%
Riviera Maya
5%
Roanoke
5%
Rocamadour
5%
Rodez
5%
Rogers
5%
Ronda
5%
Roswell
5%
Saalbach
5%
Saas-Fee
5%
Sa Coma
5%
Safaga
5%
Saint-Brieuc
5%
Sainte-Maxime
5%
Saintes-Maries-de-la-Mer
5%
Saint-Jean-Cap-Ferrat
5%
Saint-Laurent-du-Maroni
5%
Saint-Malo
5%
Salou
5%
San Clemente
5%
San Cristóbal
5%
San Juan del Sur
5%
San Lorenzo
5%
San Pedro de Atacama
5%
San Rafael
5%
Sanremo
5%
Santa Cruz de la Sierra
5%
Santa Cruz de Tenerife
5%
Santa Eulària des Riu
5%
Santa Lucía
5%
Santa Margherita Ligure
5%
Sant Antoni de Portmany
5%
Santanyí
5%
Santa Pola
5%
Santa Ponsa
5%
Santa Tecla
5%
Sa Pobla
5%
Saratoga Springs
5%
S'Arenal
5%
Sarlat-la-Canéda
5%
Saumur
5%
Savusavu
5%
Schaffhausen
5%
Schladming
5%
Sea Isle City
5%
Seal Beach
5%
Seaside
5%
Seefeld
5%
Serre Chevalier
5%
Sète
5%
Sharm el-Sheikh
5%
Šibenik
5%
Side
5%
Siegen
5%
Sineu
5%
Sitges
5%
Skiathos
5%
Sölden
5%
Solothurn
5%
Sondrio
5%
Sopot
5%
Sorocaba
5%
Springdale
5%
St. Albans
5%
St Albans
5%
St. Anton
5%
St. Augustine
5%
St. Gallen
5%
Stillwater
5%
Stoke-on-Trent
5%
Stone Harbor
5%
Sukhothai
5%
Sumter
5%
Sunshine Coast
5%
Superior
5%
Sveti Stefan
5%
Taba
5%
Tamworth
5%
Taormina
5%
Tauplitz
5%
Tauranga
5%
Tavira
5%
The Woodlands
5%
Tignes
5%
Tinos
5%
Tivat
5%
Tivoli
5%
Tooele
5%
Torre del Greco
5%
Torre del Mar
5%
Torremolinos
5%
Torrevieja
5%
Tórshavn
5%
Tossa de Mar
5%
Townsville
5%
Trani
5%
Trogir
5%
Trouville-sur-Mer
5%
Tulum
5%
Two Harbors
5%
Tybee Island
5%
Udon Thani
5%
Ukiah
5%
Ulcinj
5%
Umag
5%
Urubamba
5%
Val di Fassa
5%
Val d’Isère
5%
Val Gardena
5%
Valldemossa
5%
Valle Isarco
5%
Val Thorens
5%
Varazze
5%
Varese
5%
Vaughan
5%
Vejle
5%
Ventimiglia
5%
Ventspils
5%
Verbania
5%
Verbier
5%
Vevey
5%
Viareggio
5%
Viborg
5%
Vichy
5%
Vilamoura
5%
Villach
5%
Villefranche-sur-Mer
5%
Viterbo
5%
Vrsar
5%
Wakefield
5%
Warth
5%
Watertown
5%
Watsonville
5%
Waukegan
5%
Wengen
5%
Westendorf
5%
West Lafayette
5%
Westminster
5%
Weston
5%
Wildwood
5%
Windsor
5%
Winslow
5%
Wolfsburg
5%
Woodburn
5%
Worthing
5%
Xai-Xai
5%
Xalapa de Enriquez
5%
Xankandi
5%
Xiangcheng
5%
Xiangcheng Chengguanzhen
5%
Xiangjiaba
5%
Xiangtan
5%
Xiangxiang
5%
Xiangyang
5%
Xiangzhou
5%
Xianju
5%
Xianning
5%
Xiannue
5%
Xianshuigu
5%
Xiantao
5%
Xianyang
5%
Xiaogan
5%
Xiaogang
5%
Xiaolingwei
5%
Xiaoshan
5%
Xiaoshi
5%
Xiaoweizhai
5%
Xiazhen
5%
Xiazhuang
5%
Xichang
5%
Xico
5%
Xiema
5%
Xifeng
5%
Xigang
5%
Xihe
5%
Xilin Hot
5%
Ximeicun
5%
Xincheng
5%
Xindi
5%
Xindian
5%
Xingcheng
5%
Xingguo
5%
Xinghua
5%
Xinglongshan
5%
Xingning
5%
Xingren
5%
Xingtai
5%
Xingyi
5%
Xinhe
5%
Xining
5%
Xinji
5%
Xinle
5%
Xinmin
5%
Xinqing
5%
Xinshi
5%
Xintai
5%
Xinxiang
5%
Xinxing
5%
Xinyang
5%
Xinyi
5%
Xinyu
5%
Xinyuan
5%
Xinzhai
5%
Xinzhi
5%
Xinzhou
5%
Xiongzhou
5%
Xishan
5%
Xiugu
5%
Xiulin
5%
Xiuyan
5%
Xiuying
5%
Xiva
5%
Xixiang
5%
Xochimilco
5%
Xo`jayli Shahri
5%
Xuanhua
5%
Xuantan
5%
Xuanzhou
5%
Xuchang
5%
Xucheng
5%
Xujiang
5%
Xunchang
5%
Xunyang
5%
Xuyong
5%
Xuzhou
5%
Xuzhuang
5%
Zakopane
5%
Zanzibar
5%
Zell am See
5%
Zell am Ziller
5%
Zug
5%
Zwickau
5%

Score Distribution

Percentile by Number Answered

Percent of People with Each Score

Your Score History

You have not taken this quiz